| 000 | 00784nam a2200229 i 4500 | ||
|---|---|---|---|
| 001 | bg | ||
| 100 | 1 | _aAMIN, Shakir Mahmoud | |
| 245 | 1 | 0 |
_aInstytucje i porządek prawny Unii Europejskiej na tle tekstów prawnych oraz orzecznictwa Europejskiego Trybunału Sprawiedliwości / _cShakir Mahmoud Amin, Janusz Justyński. |
| 250 | _aWyd. 2. | ||
| 260 |
_aToruń : _bTowarzystwo Naukowe Organizacji i Kierownictwa "Dom Organizatora", _c1999. |
||
| 300 |
_a221, [1] s. : _bmapa ; _c21 cm. |
||
| 504 | _aBibliogr. | ||
| 650 | 9 | _aPrawo wspólnotowe europejskie | |
| 700 | 1 |
_aJUSTYŃSKI, Janusz _d(1941- ) |
|
| 020 | _a8387673714 | ||
| 040 | _cBPK | ||
| 041 | 0 | _apl | |
| 080 | _a341.12(4-67) | ||
| 920 | _a83-87673-71-4 | ||
| 942 | _cKS | ||
| 008 | s pl f |000 0 pol | ||
| 999 |
_c39486 _d39486 |
||
| 856 |
_uhttp://koha.tu.koszalin.pl/cgi-bin/koha/opac-detail.pl?biblionumber=39486 _yKatalog online BPK |
||